|
|
|
|
| LEADER |
00762nam a2200205Ia 4500 |
| 001 |
CTU_39313 |
| 008 |
210402s9999 xx 000 0 und d |
| 020 |
|
|
|c 34000
|
| 082 |
|
|
|a 343.0542
|
| 082 |
|
|
|b Đ307
|
| 100 |
|
|
|a Nguyễn, Ngọc Điệp
|
| 245 |
|
0 |
|a Hỏi - Đáp về thuế, lệ phí về đất đai và các văn bản hướng dẫn thi hành
|
| 245 |
|
0 |
|c Nguyễn Ngọc Điệp
|
| 260 |
|
|
|a Thành phố Hồ Chí Minh
|
| 260 |
|
|
|b Nhà xuất bản Thành phố Hồ Chí Minh
|
| 260 |
|
|
|c 2000
|
| 650 |
|
|
|a Finance, public,Land value taxation
|
| 650 |
|
|
|z Vietnam,Vietnam
|
| 904 |
|
|
|i Nguyễn Quang Điền, Giang sửa
|
| 980 |
|
|
|a Trung tâm Học liệu Trường Đại học Cần Thơ
|